Buffy Trivia Grab Bag Quiz Stats

 Plays Quiz not verified by Sporcle

Score 0/50 Timer 15:00
0 Plays Today
% Correct
Out. For. A. Walk... Bitch.
86%
His bloody awful poetry
85.4%
Vegetables
84.9%
Death
84.8%
Doppelgangland
83.5%
The Annoying One
83.4%
Miss Kitty Fantastico
83.4%
Boba Fett
83.3%
Jonathan
82.4%
Fyarl
82.4%
Prophecy Girl
81.2%
Cecily
80.9%
Hush
80.8%
Fawn
80.8%
A cell phone
80.6%
Cassie
80.2%
Buffy Vs. Dracula
79.8%
A Gourd
79.3%
The Watchers' Council
77.9%
The Pack
77.7%
Rack
77.5%
Giles
77.4%
A blueberry scone
77.4%
A sword
76.5%
Four
75.8%
% Correct
Xander
75.7%
Faith
75%
Angry puppy
74.9%
A chainsaw
74.4%
Andrew
73.7%
Willow
72.2%
Tara
71.8%
Cheese
70.4%
Spike
69.9%
Angel
69.3%
Amy
68.9%
Earshot
68%
Riley
67.9%
The 'I' In Team
66.9%
Katrina
63.8%
Helpless
63.1%
Bob Barker
62.8%
Chocolate
58.4%
Tara
58.3%
Something Blue
56.3%
Checkpoint
56%
Wild At Heart
55.4%
Triangle
52.2%
New Moon Rising
51.3%
The Yoko Factor
47.2%

You're not logged in!

Compare scores with friends on all Sporcle quizzes.
OR
Log In

Sporcle TV

Today on Sporcle TV


Watch our educational content, quiz creation guides, and fun videos on Sporcle TV.

Show Comments

Extras

Top Quizzes Today


Score Distribution

Your Account Isn't Verified!

In order to create a playlist on Sporcle, you need to verify the email address you used during registration. Go to your Sporcle Settings to finish the process.

Report this User

Report this user for behavior that violates our Community Guidelines.

Details: